Central Library OPAC University of Rajshahi

The island race / (Record no. 64098)

MARC details
000 -LEADER
fixed length control field 00705nam a2200253 a 4500
001 - CONTROL NUMBER
control field 64098
003 - CONTROL NUMBER IDENTIFIER
rucl marc code BD-RjUL
005 - DATE AND TIME OF LATEST TRANSACTION
control field 20211209081254.0
008 - FIXED-LENGTH DATA ELEMENTS--GENERAL INFORMATION
fixed length control field 170208s1968 enkabch 000 0 eng
035 ## - SYSTEM CONTROL NUMBER
System control number (BD-RjUL)64228
040 ## - CATALOGING SOURCE
Original cataloging agency DLC
Transcribing agency DLC
Modifying agency BD-RjUL
Language of cataloging eng
041 ## - LANGUAGE CODE
Language code of text/sound track or separate title eng
082 00 - DEWEY DECIMAL CLASSIFICATION NUMBER
Classification number 942
Edition number 23
Author mark and year CHI 1968
100 1# - MAIN ENTRY--PERSONAL NAME
Personal name Churchill, Winston,
Dates associated with a name 1874-1965.
9 (RLIN) 190375
245 14 - TITLE STATEMENT
Title The island race /
Statement of responsibility, etc. Winston S. Churchhill
250 ## - EDITION STATEMENT
Edition statement 4th ed.
260 ## - PUBLICATION, DISTRIBUTION, ETC. (IMPRINT)
Place of publication, distribution, etc. London :
Name of publisher, distributor, etc. Corgi,
Date of publication, distribution, etc. 1968.
300 ## - PHYSICAL DESCRIPTION
Pagination 312 p. :
Illustrations ill. ;
Size 26 cm.
350 ## - PRICE (NR) (BK AM CF MU VM SE) [OBSOLETE]
Price 30/-
651 #0 - SUBJECT ADDED ENTRY--GEOGRAPHIC NAME
Geographic name Great Britain
General subdivision History.
9 (RLIN) 189727
Geographic name English-speaking countries
General subdivision History.
9 (RLIN) 190376
942 ## - ADDED ENTRY ELEMENTS (KOHA)
Source of classification or shelving scheme Dewey Decimal Classification
Koha item type Books
Holdings
Lost status Source of classification or shelving scheme Damaged status Not for loan Collection code Permanent Location Current Location Shelving location Date acquired Source of acquisition Cost, normal purchase price Total Checkouts Full call number Date last seen Copy number Koha item type
  Dewey Decimal Classification   Not For Loan Non-fiction Central Library, University of Rajshahi Central Library, University of Rajshahi Reading Room 12/08/1972 Paragon Enterprizes, Dhaka 33.00   942 CHI 1968 08/02/2017 C-1 Books